<?xml version="1.0" encoding="UTF-8"?>
<record
    xmlns:xsi="http://www.w3.org/2001/XMLSchema-instance"
    xsi:schemaLocation="http://www.loc.gov/MARC21/slim http://www.loc.gov/standards/marcxml/schema/MARC21slim.xsd"
    xmlns="http://www.loc.gov/MARC21/slim">

  <leader>01341nam a2200277   4500</leader>
  <controlfield tag="001">78424</controlfield>
  <controlfield tag="003">BD-RjUL</controlfield>
  <controlfield tag="005">20211209083128.0</controlfield>
  <controlfield tag="008">210920s19681388ir ||||| |||| 00| 0 per d</controlfield>
  <datafield tag="020" ind1=" " ind2=" ">
    <subfield code="a">9646278280</subfield>
  </datafield>
  <datafield tag="035" ind1=" " ind2=" ">
    <subfield code="a">(BD-RjUL)78650</subfield>
  </datafield>
  <datafield tag="040" ind1=" " ind2=" ">
    <subfield code="a">BD-RjUL</subfield>
    <subfield code="b">eng</subfield>
    <subfield code="c">BD-RjUL</subfield>
  </datafield>
  <datafield tag="041" ind1=" " ind2=" ">
    <subfield code="a">per</subfield>
  </datafield>
  <datafield tag="082" ind1=" " ind2=" ">
    <subfield code="2">23</subfield>
    <subfield code="a">955</subfield>
    <subfield code="b">MEM 1968</subfield>
  </datafield>
  <datafield tag="100" ind1="1" ind2=" ">
    <subfield code="a">&#x645;&#x647;&#x631;&#x62F;&#x627;&#x62F;. &#x628;&#x627;&#x644;&#x627;&#x632;&#x627;&#x62F;&#x647;&#x60C; &#x627;&#x645;&#x64A;&#x631; &#x643;&#x627;&#x648;&#x648;&#x634; ;; Mehrdad Bahar; Am&#x12B;r K&#x101;v&#x16B;s&#x12B; B&#x101;l&#x101;z&#x101;dah</subfield>
    <subfield code="9">248207</subfield>
  </datafield>
  <datafield tag="245" ind1="1" ind2="0">
    <subfield code="a">&#x645;&#x647;&#x630; &#x648; &#x62F;&#x627;&#x62F; &#x648; &#x628;&#x647;&#x627;&#x631; : &#x64A;&#x627;&#x62F;&#x646;&#x627;&#x645;&#x647; &#x627;&#x633;&#x62A;&#x627;&#x62F; &#x62F;&#x643;&#x62A;&#x631; &#x645;&#x647;&#x631;&#x62F;&#x627;&#x62F; &#x628;&#x647;&#x627;&#x631; ;; Mihr va d&#x101;d va Bah&#x101;r : y&#x101;dn&#x101;mah-i ust&#x101;d duktur Mihrd&#x101;d Bah&#x101;r /</subfield>
    <subfield code="c">&#x628;&#x647; &#x643;&#x648;&#x634;&#x634; &#x627;&#x645;&#x64A;&#x631; &#x643;&#x627;&#x648;&#x648;&#x633; &#x628;&#x627;&#x644;&#x627;&#x632;&#x627;&#x62F;&#x647;.: Amir Kavous Balazadesh</subfield>
  </datafield>
  <datafield tag="260" ind1=" " ind2=" ">
    <subfield code="a"> Tihr&#x101;n :</subfield>
    <subfield code="b">&#x627;&#x646;&#x62C;&#x645;&#x646; &#x622;&#x62B;&#x627;&#x631; &#x648; &#x645;&#x641;&#x627;&#x62E;&#x631; &#x641;&#x631;&#x647;&#x646;&#x6AF;&#x649; ;; Anjuman-i &#x100;s&#x332;&#x101;r va Maf&#x101;khir-i Farhang&#x12B;, </subfield>
    <subfield code="c">1388-[ 1968]</subfield>
  </datafield>
  <datafield tag="300" ind1=" " ind2=" ">
    <subfield code="a">344 p. ;</subfield>
    <subfield code="c">24 cm</subfield>
  </datafield>
  <datafield tag="490" ind1=" " ind2=" ">
    <subfield code="a">Silsilah-i Intish&#x101;r&#x101;t-i Anjuman-i &#x100;s&#x332;&#x101;r va Maf&#x101;khir-i Farhang&#x12B;, shum&#x101;rah-&#x2B9;i .</subfield>
    <subfield code="v">199</subfield>
  </datafield>
  <datafield tag="600" ind1=" " ind2=" ">
    <subfield code="a">Bahar, Mehrdad.</subfield>
    <subfield code="9">248213</subfield>
  </datafield>
  <datafield tag="650" ind1=" " ind2=" ">
    <subfield code="a"> Iranian philology</subfield>
    <subfield code="9">248208</subfield>
  </datafield>
  <datafield tag="650" ind1=" " ind2=" ">
    <subfield code="a">Iran </subfield>
    <subfield code="v">Civilization.</subfield>
    <subfield code="9">248209</subfield>
  </datafield>
  <datafield tag="700" ind1=" " ind2=" ">
    <subfield code="a"> &#x628;&#x627;&#x644;&#x627;&#x632;&#x627;&#x62F;&#x647;,  &#x627;&#x645;&#x64A;&#x631; &#x643;&#x627;&#x648;&#x648;&#x633;.:;  Balazadesh, Amir Kavous</subfield>
    <subfield code="9">248207</subfield>
  </datafield>
  <datafield tag="830" ind1=" " ind2=" ">
    <subfield code="a">Silsilah-i Intish&#x101;r&#x101;t-i Anjuman-i &#x100;s&#x332;&#x101;r va Maf&#x101;khir-i Farhang&#x12B;, shum&#x101;rah-&#x2B9;i .</subfield>
    <subfield code="v">199</subfield>
    <subfield code="9">248214</subfield>
  </datafield>
  <datafield tag="942" ind1=" " ind2=" ">
    <subfield code="2">ddc</subfield>
    <subfield code="c">BK</subfield>
  </datafield>
  <datafield tag="999" ind1=" " ind2=" ">
    <subfield code="c">78424</subfield>
    <subfield code="d">78424</subfield>
  </datafield>
  <datafield tag="952" ind1=" " ind2=" ">
    <subfield code="0">0</subfield>
    <subfield code="1">0</subfield>
    <subfield code="2">ddc</subfield>
    <subfield code="4">0</subfield>
    <subfield code="7">1</subfield>
    <subfield code="8">NFIC</subfield>
    <subfield code="a">RUCL</subfield>
    <subfield code="b">RUCL</subfield>
    <subfield code="c">Reading</subfield>
    <subfield code="d">2021-09-20</subfield>
    <subfield code="e">2007-08-13</subfield>
    <subfield code="l">0</subfield>
    <subfield code="o">F 955 MEM 1968</subfield>
    <subfield code="r">2021-09-20 00:00:00</subfield>
    <subfield code="t">C-1</subfield>
    <subfield code="w">2021-09-20</subfield>
    <subfield code="y">BK</subfield>
  </datafield>
</record>
